| 000 | 00339nam a22000977a 4500 | ||
|---|---|---|---|
| 999 |
_c2790 _d2790 |
||
| 008 | 180702b ||||| |||| 00| 0 eng d | ||
| 100 | _aRice, Foster | ||
| 245 |
_aAntecedents of the American Bank Note Company of 1858 _bReprinted from Essay Proof Journal, Vol 18 #71/72 |
||
| 260 |
_bEssay Proof Journal _c1961 |
||
| 650 | _aEngravers | Essays | USA | ||